000 00564nam a2200181 i 4500
001 23406
003 ES-MaACL
005 20230906152851.0
007 t|
008 021210s1970 sp |||| | spa d
100 1 _aAllen, Louis.
_919995
245 1 0 _aJapón
_b: los años de triunfo : apogeo del Sol Naciente /
_cLouis Allen ; [traducción de Sara Estrada].
260 _aBarcelona :
_bNauta,
_c[1970]
300 _a127 p., 10 lám. :
_bil. ;
_c22 cm.
651 4 _aJapón-
_xHistoria.
_9145407
700 1 _aEstrada, Sara.
_948213
852 _aES-MaACL
_jC-44201
999 _c23406
_d23406